000 00533nam a2200217Ia 4500
003 OSt
005 20220924134010.0
006 a|||||r|||| 00| 0
007 ta
008 220923b |||||||| |||| 00| 0 snd d
024 _a271580
037 _cTextual
040 _aARTS
_cARTS
_bsnd
041 _2snd
_asnd
082 _aO111,3xN1, 1593H5
100 _aAktiran P
_9207841
245 0 _aBarf jo tofan
260 _c1945
942 _hO111,3xN1, 1593H5
_cTEXL
_2CC
999 _c436019
_d436019